Регионална библиотека "Любен Каравелов" - Русе

Четене по срички - кн. 1 (Запис номер 516342)

MARC детайли
000 -Лидер
Лидер 00907nam a2200253 a 4500
003 - Код на организацията, давaща контролен номер
Код на организацията, даваща контролен номер BLK
005 - Дата и час на последна редакция
Дата и час на последна редакция 20250709114547.0
008 - Елементи от данни с фиксирана дължина
Елементи с фиксирана дължина 240902b bul|||||r ||||||| ||bul||
020 ## - Международен стандартен номер на книга ISBN
ISBN 9786197355208
040 ## - Източник на каталожния запис
Код на библиотеката BLK
041 ## - Код за език
Език Български
Език за КДБФ Български
080 ## - УДК
УДК текст Предучилищно възпитание - четене
УДК код 373.2.016:028.1
УДК – код + определител 373.2.016:028.1
084 ## - Класификационен индекс по друга класификация
Авторски знак Чет - Ч 75
245 ## - Сведения за заглавието
Заглавие Четене по срички - кн. 1
257 ## - Страна на издаване
Страна на създаване/издаване България
260 ## - Област на издателските данни
Място на издаване София
Име на издателя Алекс принт
Година на издаване 2020
9 (RLIN) 209981
Издателство - префикс ISBN 954-8261-
Печатница София : Хеликс прес
300 ## - Физическа характеристика
Брой страници 14 с.
Илюстрации с цв. ил.
Размер 20 см
380 ## - Жанр
Жанр Детска отраслова лит.
653 ## - Ключова дума – ненормативна
Ключови думи детско четене
9 (RLIN) 184874
653 #7 - Ключова дума – ненормативна
Ключови думи предучилищна възраст
9 (RLIN) 194420
852 ## - Местоположение
Систематично-азбучна сигнатура 373.3.016:028/Ч 75
942 ## - АРТИКУЛИ
Вид на библиотечния документ Книги
Скрит в OPAC Не
Периодичен библиозапис Да
Koha issues (borrowed), all copies 33
944 ## - СЪЗДАВАНЕ И РЕДАКЦИЯ на ЗАПИСА
Дата на регистрацията/редакция Геновева Генчева
Служител, извършил регистрацията/редакцията 30537
Създаване/Редакция
Номер на служител Грета Цуфелде
999 ## - СИСТЕМНИ КОНТРОЛНИ НОМЕРА
Koha biblionumber 516342
Koha biblioitemnumber 516342
Наличности
Код за отписване Код за изгубен артикул Източник на класификационната схема Код за повреда Код за отдаване Артикулен № Име на библиотеката - собственик Име на библиотеката, в която се намира в момента Статус (Текущо местоположение) Дата на вписване в системата Местоположение - отдел Цена в лева Инвентарен номер Систематично азбучна сигнатура Баркод Цена в евро Служебен тип на артикула
  Не е изгубен Universal Decimal Classification Не е повреден заемане за дома 948118 Регионална библиотека "Любен Каравелов" Русе Регионална библиотека "Любен Каравелов" Русе Детски отдел 2024-09-04 Детски отдел 2.03 120000911436 ДН 373.3.016:028/Ч 75 120000911436 1.04 Книги
  Не е изгубен Universal Decimal Classification Не е повреден заемане за дома 948119 Регионална библиотека "Любен Каравелов" Русе Регионална библиотека "Любен Каравелов" Русе Детски отдел 2024-09-04 Детски отдел 2.03 120000911437 ДН 373.3.016:028/Ч 75 120000911437 1.04 Книги
  Не е изгубен Universal Decimal Classification Не е повреден заемане за дома 948120 Регионална библиотека "Любен Каравелов" Русе Регионална библиотека "Любен Каравелов" Русе Детски отдел 2024-09-04 Детски отдел 2.03 120000911438 ДН 373.3.016:028/Ч 75 120000911438 1.04 Книги
Vip Innovations Ltd, Rousse, Bulgaria 2025